Ricostruisci la Carriera del Calciatore - Santi Cazorla - Statistics

Statistiche generali
  • Questo quiz è stato fatto 3 volte
  • Il punteggio medio è 4 su 9
Statistiche sulle risposte
Hint Risposta % Corretto
2020-2023 Al-Sadd
100%
2012-2018 Arsenal
67%
2011-2012 Malaga
67%
2003-2006 Villarreal
33%
2007-2011 Villarreal
33%
2018-2020 Villarreal
33%
2003-2004 Villarreal B
33%
2023- Real Oviedo
0%
2006-2007 Recreativo Huelva
0%
Nessun quiz corrispondente trovato
Distribuzione punteggi
Percentuale di utenti per punteggio
Percentile per numero di risposta
I tuoi punteggi nel tempo
Non hai fatto questo quiz